Lectures on minimal models / (Record no. 16255)

000 -LEADER
fixed length control field 00640cam a2200193 a 4500
040 ## - CATALOGING SOURCE
Transcribing agency DLC
082 00 - DEWEY DECIMAL CLASSIFICATION NUMBER
Classification number 512 GAU 1983 A084 Or.
100 1# - MAIN ENTRY--AUTHOR NAME
Personal name Halperin, Stephen.
245 10 - TITLE STATEMENT
Title Lectures on minimal models /
260 ## - PUBLICATION, DISTRIBUTION, ETC. (IMPRINT)
Place of publication [Montrouge, France] :
Name of publisher Gauthier-Villars,
Year of publication c1983.
300 ## - PHYSICAL DESCRIPTION
Number of Pages 261 p. ;
Dimensions 24 cm.
490 1# - SERIES STATEMENT
Series statement Mémoire de la Société mathématique de France,
500 ## - GENERAL NOTE
General note "Supplément au Bulletin de la Société mathématique de France, tome 111/fascicule 3"--Cover.
650 #0 - SUBJECT ADDED ENTRY--TOPICAL TERM
Topical Term Differential algebra.
650 #0 - SUBJECT ADDED ENTRY--TOPICAL TERM
Topical Term Commutative algebra.
650 #0 - SUBJECT ADDED ENTRY--TOPICAL TERM
Topical Term Categories (Mathematics)
650 #0 - SUBJECT ADDED ENTRY--TOPICAL TERM
Topical Term Topological spaces.
942 ## - ADDED ENTRY ELEMENTS (KOHA)
Koha item type សៀវភៅភាសាអង់គ្លេស
952 ## - LOCATION AND ITEM INFORMATION (KOHA)
Withdrawn status [LOCAL, KOHA] 0
Holdings
Permanent Location Date acquired Koha item type Lost status Shelving location Barcode Current Location Full call number
Library Block A2018-01-26សៀវភៅភាសាអង់គ្លេស A084A26060Library Block A512 GAU 1983 A084 Or.
មជ្ឈមណ្ឌលឯការនៃសាកលវិទ្យាល័យភូមិន្ទកសិកម្មចំការដូង

Powered by Koha